| 000 | 00532nam a22001577a 4500 | ||
|---|---|---|---|
| 005 | 20251108165248.0 | ||
| 008 | 250721s1987 xx 000 0 ara d | ||
| 082 | 1 | 4 | _a572.9/فتح |
| 100 | 1 | _aأبو عيانة، فتحي محمد | |
| 245 | 1 | 0 | _aمدخل إلى التحليل الإحصائي في الجغرافيا البشرية / |
| 264 | 1 |
_aالإسكندريه : _bدار المعرفة الجامعية، _c1987. |
|
| 300 | _a270ص | ||
| 650 | 1 | 7 | _aالجغرافيا البشرية |
| 942 |
_2ddc _cBK |
||
| 999 |
_c23529 _d23529 |
||